Indovina il videogioco dall'immagine - Statistics

Statistiche generali
  • Questo quiz è stato fatto 1.351 volte
  • Il punteggio medio è 10 su 12
Statistiche sulle risposte
con Immagini Risposta % Corretto
Minecraft
99%
Pac Man
98%
Fortnite
96%
Mario Kart
96%
Fifa
94%
Rocket League
88%
Legends of Zelda
86%
Gta V
83%
HALO
83%
Super Mario 64
82%
Luigi's mansion
69%
Pubg
68%
Nessun quiz corrispondente trovato
Distribuzione punteggi
Percentuale di utenti per punteggio
Percentile per numero di risposta
I tuoi punteggi nel tempo
Non hai fatto questo quiz